000 00263nam a2200109Ia 4500
008 220204s9999 xx 000 0 und d
082 _a028.2875
_bTAG
100 _aTager, A
245 0 _aPhysical chemistry of polymers
260 _aMoscow
_bMir
_c1978
942 _cBK
999 _c34193
_d34193